[Event "USCL Miami vs Dallas"]
[Site "Internet Chess Club"]
[Date "2007.09.24"]
[Round "5"]
[White "Milisits, Ryan"]
[Black "Socorregut, Roberto"]
[Result "1-0"]
[WhiteElo "2222"]
[BlackElo "2178"]
[PlyCount "103"]
[EventDate "2007.??.??"]

1. e4 c5 2. c3 Nf6 3. e5 Nd5 4. d4 cxd4 5. Nf3 Nc6 6. Bc4 Nb6 7. Bb3 d5 8. exd6
Qxd6 9. O-O Be6 10. Bxe6 Qxe6 11. Nxd4 Nxd4 12. Qxd4 Rd8 13. Qh4 h5 14. Qf4 g6
15. Qc7 Qc6 16. Qe5 f6 17. Qg3 Kf7 18. Nd2 h4 19. Qf3 h3 20. Qxc6 bxc6 21. g3
e6 22. Ne4 Nc4 23. b3 Ne5 24. Be3 Nf3+ 25. Kh1 a6 26. Rfd1 Be7 27. Bb6 Rb8 28.
Bc7 Rb7 29. Rd7 Ke8 30. Rad1 Rh5 31. c4 Ne5 32. Rxe7+ Kxe7 33. Bd6+ Kf7 34.
Bxe5 Ra7 35. Bxf6 Ra5 36. a4 Rf5 37. Bc3 Kf8 38. f4 a5 39. Be5 Rff7 40. Nc5 Kg8
41. Kg1 g5 42. Kf2 gxf4 43. gxf4 Rae7 44. Rd8+ Kh7 45. Ne4 Rf5 46. Kg3 Rb7 47.
Nc5 Re7 48. Kxh3 Kg6 49. Kg4 Rff7 50. h4 Rh7 51. h5+ Kf7 52. Ne4 1-0

[Event "USCL Miami vs Dallas"]
[Site "Internet Chess Club"]
[Date "2007.09.24"]
[Round "5"]
[White "Becerra, Julio"]
[Black "Boskovic, Drasko"]
[Result "1/2-1/2"]
[WhiteElo "2634"]
[BlackElo "2520"]
[PlyCount "144"]
[EventDate "2007.??.??"]

1. e4 c5 2. Nf3 Nc6 3. Bb5 d6 4. Bxc6+ bxc6 5. O-O Bg4 6. h3 Bh5 7. c3 e5 8. d3
Nf6 9. Be3 Be7 10. Nbd2 O-O 11. Qc2 Qd7 12. d4 exd4 13. cxd4 cxd4 14. Bxd4 c5
15. Bc3 d5 16. Ne5 Qc7 17. f4 Be2 18. Rf2 Ba6 19. Qa4 Bb7 20. Ba5 Qc8 21. exd5
Nxd5 22. Ne4 Nb4 23. Ng3 Bh4 24. Kh2 Nd5 25. Rc1 Ne3 26. Qd7 f6 27. Qxc8 Raxc8
28. Nf3 Bxg3+ 29. Kxg3 Bd5 30. b3 Rfe8 31. Rd2 Nf5+ 32. Kf2 Bxf3 33. Kxf3 Nd4+
34. Kf2 Re4 35. g3 Rce8 36. Rxc5 Re2+ 37. Rxe2 Rxe2+ 38. Kf1 Rxa2 39. b4 Ne2
40. Rc8+ Kf7 41. Rc7+ Kg6 42. Rxa7 Nxg3+ 43. Ke1 Ne2 44. b5 Nd4 45. b6 Nc6 46.
b7 Rb2 47. Ra6 Nxa5 48. Rxa5 Rxb7 49. Kf2 Rb3 50. Kg2 Rb7 51. Kg3 Kh6 52. Ra3
g6 53. Rc3 Kh5 54. Ra3 f5 55. Rc3 h6 56. Ra3 Rb4 57. Rc3 g5 58. fxg5 hxg5 59.
Rc8 f4+ 60. Kf3 Rb3+ 61. Kg2 Rg3+ 62. Kh2 Kg6 63. Rf8 Rc3 64. h4 Kh5 65. hxg5
Kg4 66. g6 Rc2+ 67. Kg1 Kf3 68. Ra8 Kg3 69. Ra1 Rc7 70. Kf1 f3 71. g7 Rxg7 72.
Ra8 Rb7 1/2-1/2

[Event "USCL Miami vs Dallas"]
[Site "Internet Chess Club"]
[Date "2007.09.24"]
[Round "5"]
[White "Bartholomew, John"]
[Black "Martinez, Marcel"]
[Result "1-0"]
[WhiteElo "2488"]
[BlackElo "2462"]
[PlyCount "177"]
[EventDate "2007.??.??"]

1. Nf3 Nf6 2. c4 e6 3. Nc3 Bb4 4. Qc2 O-O 5. g4 Nxg4 6. Rg1 f5 7. h3 Nf6 8. a3
Bxc3 9. Qxc3 d6 10. b4 a5 11. b5 a4 12. Bb2 c6 13. e3 Nbd7 14. Nd4 Nc5 15. bxc6
e5 16. c7 Qxc7 17. Nb5 Qe7 18. Bg2 Nfe4 19. Qc2 Qh4 20. Rf1 Be6 21. Nc7 Rae8
22. Nxe8 Rxe8 23. d3 Nf6 24. Rd1 Qg5 25. f4 Qh6 26. fxe5 Qxe3+ 27. Qe2 Qg3+ 28.
Rf2 dxe5 29. Bxe5 Qh4 30. Bxf6 Qxf6 31. Kf1 Bf7 32. Qf3 g6 33. Kg1 Qd4 34. Qf4
Rd8 35. Bd5 Qxf4 36. Rxf4 Bxd5 37. Rd4 Kf7 38. Re1 Rd7 39. Rxd5 Rc7 40. Kf2 Kf6
41. h4 Rc6 42. Rb1 b6 43. Ke3 h6 44. Rf1 Re6+ 45. Kd4 Nb3+ 46. Kc3 Nc5 47. h5
Re3 48. Rd6+ Ke5 49. Rd5+ Kf6 50. hxg6 Kxg6 51. Rb1 Re6 52. Rg1+ Kf6 53. Rf1
Re3 54. Rfxf5+ Kg6 55. Rfe5 Rg3 56. Rd6+ Kf7 57. Rxc5 bxc5 58. Rxh6 Rg1 59. Rh5
Rb1 60. Rxc5 Rb3+ 61. Kd4 Rxa3 62. Ra5 Ke6 63. Ra6+ Kd7 64. c5 Kc7 65. Kc4 Kb7
66. Ra5 Ra1 67. Kd5 a3 68. d4 a2 69. Ra4 Kc7 70. Ra3 Kb7 71. Rb3+ Kc7 72. Rb2
Kd7 73. Rh2 Kc7 74. c6 Rg1 75. Rxa2 Rg5+ 76. Ke6 Rg6+ 77. Ke7 Rg5 78. Rc2 Rd5
79. Rc4 Rd6 80. Kf7 Rd5 81. Ke6 Rd8 82. d5 Re8+ 83. Kf7 Rh8 84. Ke6 Re8+ 85.
Kf7 Rh8 86. Rg4 Kd6 87. Rg8 Rh7+ 88. Kg6 Re7 89. Rg7 1-0

[Event "USCL Boston vs Baltimore"]
[Site "Internet Chess Club"]
[Date "2007.09.26"]
[Round "5"]
[White "Martirosov, Vadim"]
[Black "Rohonyan, Katerina"]
[Result "1/2-1/2"]
[WhiteElo "2264"]
[BlackElo "2291"]
[PlyCount "74"]
[EventDate "2007.??.??"]

1. e4 c5 2. Nf3 Nc6 3. Bb5 Nf6 4. Nc3 Qc7 5. O-O Nd4 6. Re1 a6 7. Bc4 e6 8. e5
d5 9. exf6 dxc4 10. Ne4 Bd7 11. Nxd4 cxd4 12. d3 O-O-O 13. fxg7 Bxg7 14. Bg5
Rde8 15. Qh5 Bc6 16. Qxf7 Qxf7 17. Nd6+ Kd7 18. Nxf7 Rhg8 19. g3 cxd3 20. cxd3
e5 21. f4 Bd5 22. Nh6 Bxh6 23. Bxh6 Rg6 24. Bg5 h6 25. Bh4 exf4 26. Rxe8 Kxe8
27. Re1+ Kd7 28. Re7+ Kc6 29. Kf2 fxg3+ 30. Bxg3 Bxa2 31. Rc7+ Kb6 32. Rd7 Rc6
33. Be5 Rc2+ 34. Kg3 Rd2 35. Rxd4 Kc5 36. Rd6 Rxb2 37. Rxa6 bxa6 1/2-1/2

[Event "USCL New Jersey vs New York"]
[Site "Internet Chess Club"]
[Date "2007.09.26"]
[Round "5"]
[White "Molner, Mackenzie"]
[Black "Arnold, Marc"]
[Result "1-0"]
[WhiteElo "2335"]
[BlackElo "2360"]
[PlyCount "71"]
[EventDate "2007.??.??"]

1. e4 c5 2. Nf3 d6 3. d4 cxd4 4. Nxd4 Nf6 5. Nc3 a6 6. Bg5 e6 7. f4 Be7 8. Qf3
Qc7 9. O-O-O Nbd7 10. g4 b5 11. Bxf6 Nxf6 12. g5 Nd7 13. f5 Nc5 14. f6 gxf6 15.
gxf6 Bf8 16. Bh3 h5 17. Rhe1 Bd7 18. Nd5 exd5 19. exd5+ Kd8 20. Bxd7 Qxd7 21.
Ne6+ Kc8 22. Nxc5 dxc5 23. d6 Ra7 24. Qd5 c4 25. Qc5+ Kb8 26. Kb1 Rb7 27. Rd5
h4 28. a3 h3 29. Qd4 Rg8 30. Re7 Qd8 31. Qe5 b4 32. axb4 Rxb4 33. Rd1 Rb5 34.
Re8 Rxe5 35. Rxd8+ Kb7 36. d7 1-0

[Event "USCL Tennessee vs San Francisco"]
[Site "Internet Chess Club"]
[Date "2007.09.26"]
[Round "5"]
[White "Wheeler, Jerry"]
[Black "Shankland, Sam"]
[Result "0-1"]
[WhiteElo "2200"]
[BlackElo "2211"]
[PlyCount "62"]
[EventDate "2007.??.??"]

1. d4 d5 2. c4 c6 3. Nf3 Nf6 4. Qc2 g6 5. Bf4 Bg7 6. Nc3 O-O 7. e3 a6 8. Bd3
dxc4 9. Bxc4 Nbd7 10. O-O c5 11. dxc5 Nxc5 12. Rfd1 Qb6 13. Nd4 Bd7 14. a3 Rac8
15. Rac1 Ne6 16. Nxe6 Bxe6 17. Bxe6 Qxe6 18. h3 Nd5 19. Rxd5 Rxc3 20. bxc3 Qxd5
21. c4 Qc6 22. a4 Rc8 23. Qb3 h5 24. Rb1 e5 25. Bg3 Rc7 26. Rc1 Qc5 27. f4 Bh6
28. Kh1 b5 29. axb5 axb5 30. fxe5 bxc4 31. Qc2 Qxe3 0-1

[Event "USCL New Jersey vs New York"]
[Site "Internet Chess Club"]
[Date "2007.09.26"]
[Round "5"]
[White "Zenyuk, Iryna"]
[Black "Ju, Evan"]
[Result "1-0"]
[WhiteElo "2185"]
[BlackElo "2303"]
[PlyCount "89"]
[EventDate "2007.??.??"]

1. d4 Nf6 2. Nf3 g6 3. c4 Bg7 4. Nc3 O-O 5. e4 d6 6. Be2 e5 7. O-O Nbd7 8. Be3
c6 9. d5 c5 10. Ne1 Kh8 11. Nd3 Ng8 12. Qd2 Nb6 13. b3 f5 14. exf5 gxf5 15. f4
e4 16. Nf2 Qf6 17. Rac1 Bd7 18. Kh1 Qg6 19. Rg1 Nh6 20. Qd1 Ng4 21. Bxg4 fxg4
22. Nfxe4 Rae8 23. Re1 Rxe4 24. Nxe4 Qxe4 25. Bxc5 Qxf4 26. Be3 Qf7 27. Bd4 g3
28. Rc3 Be5 29. Rf3 Qg7 30. Rxg3 Bxd4 31. Rxg7 Bxg7 32. Rf1 Re8 33. Qh5 Re7 34.
h4 Be8 35. Qg5 Re5 36. Qd8 Nd7 37. b4 Kg8 38. Kh2 h5 39. Qc8 Re4 40. Kh3 Nb6
41. Qd8 Nxc4 42. Rf5 Kh7 43. Rg5 Bg6 44. Rxg6 Kxg6 45. Qg5+ 1-0

[Event "USCL Boston vs Baltimore"]
[Site "Internet Chess Club"]
[Date "2007.09.26"]
[Round "5"]
[White "Enkhbat, Tegshsuren"]
[Black "Sammour-Hasbun, Jorge"]
[Result "0-1"]
[WhiteElo "2397"]
[BlackElo "2576"]
[PlyCount "54"]
[EventDate "2007.??.??"]

1. d4 d5 2. Nf3 Nc6 3. g3 Bg4 4. Bg2 Qd7 5. Nc3 f6 6. h3 Bh5 7. g4 Bf7 8. Bf4
O-O-O 9. Bg3 a6 10. a3 h5 11. g5 h4 12. Bxh4 e5 13. Bg3 e4 14. Nh2 Nge7 15.
gxf6 gxf6 16. Ng4 f5 17. Ne5 Nxe5 18. Bxe5 Rg8 19. Bf1 c5 20. e3 cxd4 21. Qxd4
Nc6 22. Na4 Nxe5 23. Nb6+ Kc7 24. Nxd7 Nf3+ 25. Kd1 Nxd4 26. Nxf8 Nf3 27. Nh7
Rg7 0-1

[Event "USCL Boston vs Baltimore"]
[Site "Internet Chess Club"]
[Date "2007.09.26"]
[Round "5"]
[White "Christiansen, Larry"]
[Black "Blehm, Pawel"]
[Result "1/2-1/2"]
[WhiteElo "2669"]
[BlackElo "2580"]
[PlyCount "120"]
[EventDate "2007.??.??"]

1. d4 Nf6 2. c4 g6 3. Nf3 Bg7 4. g3 O-O 5. Bg2 d6 6. O-O Nc6 7. Nc3 a6 8. Qd3
Nd7 9. Be3 Rb8 10. Rac1 e6 11. Qd2 Re8 12. d5 Nce5 13. dxe6 fxe6 14. Bg5 Bf6
15. Bxf6 Nxf3+ 16. exf3 Nxf6 17. f4 b6 18. Rfe1 Bb7 19. Bxb7 Rxb7 20. Rcd1 Qd7
21. b4 Qc6 22. Qd4 Kf7 23. Ne4 Nxe4 24. Rxe4 a5 25. f5 e5 26. fxg6+ hxg6 27. b5
exd4 28. Rf4+ Kg7 29. bxc6 Rbb8 30. Rdxd4 Re5 31. Rfe4 Rbe8 32. f3 R8e6 33. Kf2
Kf6 34. Rf4+ Ke7 35. Rfe4 Rc5 36. h4 Rxc6 37. a4 Rc5 38. g4 Rxe4 39. Rxe4+ Kf7
40. g5 d5 41. Rf4+ Kg7 42. cxd5 Rxd5 43. Rc4 c5 44. Re4 Rd2+ 45. Kg3 Kf7 46.
Rf4+ Ke7 47. Rf6 Rd6 48. Rxd6 Kxd6 49. Kf4 b5 50. h5 b4 51. h6 b3 52. h7 b2 53.
h8=Q b1=Q 54. Qe5+ Kc6 55. Qe6+ Kc7 56. Qf7+ Kd6 57. Qf8+ Kd5 58. Qf7+ Kd6 59.
Qf6+ Kd5 60. Qf7+ Kd6 1/2-1/2

[Event "USCL Queens vs Philadelphia"]
[Site "Internet Chess Club"]
[Date "2007.09.26"]
[Round "5"]
[White "Smith, Bryan"]
[Black "Vovsha, Eli"]
[Result "1/2-1/2"]
[WhiteElo "2442"]
[BlackElo "2495"]
[PlyCount "104"]
[EventDate "2007.??.??"]

1. e4 c5 2. Nf3 d6 3. Nc3 Nf6 4. e5 dxe5 5. Nxe5 Nbd7 6. Nc4 a6 7. a4 b6 8. d4
cxd4 9. Qxd4 e6 10. Bf4 Bc5 11. Nd6+ Kf8 12. Qd2 e5 13. Bg5 Qc7 14. Nxc8 Qxc8
15. Bd3 h6 16. Bh4 g6 17. O-O Kg7 18. Kh1 Bb4 19. Qe2 Bxc3 20. bxc3 Re8 21. f3
Nd5 22. c4 Nf4 23. Qe3 Qc5 24. Qe1 a5 25. Bf2 Qc7 26. Qc3 Nc5 27. Bg3 Nh5 28.
Bf2 Rad8 29. f4 Nxd3 30. cxd3 Nxf4 31. Bxb6 Qxb6 32. Rxf4 Qb4 33. Qxb4 axb4 34.
Rf3 Ra8 35. Kg1 Ra5 36. Rf2 Rea8 37. Re2 f5 38. Kf2 Kf6 39. Rea2 b3 40. Rb2
Rxa4 41. Rxa4 Rxa4 42. Rxb3 Ra2+ 43. Kf3 Rc2 44. h4 e4+ 45. dxe4 fxe4+ 46. Kxe4
Rxc4+ 47. Kf3 Rxh4 48. Rb6+ Kf7 49. Rb7+ Kf8 50. Rb8+ Ke7 51. Rb7+ Ke8 52. Rb8+
Kf7 1/2-1/2

[Event "USCL Tennessee vs San Francisco"]
[Site "Internet Chess Club"]
[Date "2007.09.26"]
[Round "5"]
[White "Naroditsky, Daniel"]
[Black "Wu, James"]
[Result "1-0"]
[WhiteElo "2170"]
[BlackElo "2066"]
[PlyCount "63"]
[EventDate "2007.??.??"]

1. e4 c5 2. Nc3 Nc6 3. g3 g6 4. Bg2 Bg7 5. d3 e6 6. Be3 d6 7. Qd2 Nd4 8. Nd1
Ne7 9. c3 Ndc6 10. Ne2 O-O 11. O-O Rb8 12. d4 b6 13. Bh6 Ba6 14. Bxg7 Kxg7 15.
Re1 b5 16. Ne3 f5 17. Nf4 Bc8 18. exf5 exf5 19. dxc5 dxc5 20. Qc2 g5 21. Rad1
Qe8 22. Nfd5 f4 23. Nxe7 Qxe7 24. Nf5+ Bxf5 25. Rxe7+ Nxe7 26. Be4 Bh3 27. Qe2
f3 28. Qe3 h6 29. Qxc5 Kf7 30. Bxf3 a6 31. Bh5+ Kf6 32. Qd6+ 1-0

[Event "USCL Boston vs Baltimore"]
[Site "Internet Chess Club"]
[Date "2007.09.26"]
[Round "5"]
[White "Batsettseg, Tsagaan"]
[Black "Krasik, Ilya"]
[Result "1-0"]
[WhiteElo "2234"]
[BlackElo "2137"]
[PlyCount "125"]
[EventDate "2007.??.??"]

1. e4 c5 2. Nf3 a6 3. c4 e6 4. Nc3 Qc7 5. d4 cxd4 6. Nxd4 b6 7. Bd3 d6 8. O-O
Nd7 9. Be3 Ngf6 10. Rc1 Bb7 11. f3 Rc8 12. b3 Be7 13. Qd2 O-O 14. Rfd1 Qb8 15.
Qf2 Rfe8 16. Qg3 Bf8 17. Bb1 g6 18. Qh4 d5 19. cxd5 exd5 20. Bf4 Bd6 21. Bg5
Nh5 22. Nf5 Bxh2+ 23. Qxh2 Qxh2+ 24. Kxh2 gxf5 25. exd5 Ng7 26. g4 Ne5 27. Kg3
b5 28. gxf5 f6 29. Bh6 b4 30. Na4 Rxc1 31. Bxc1 Bc8 32. Nc5 Nxf5+ 33. Kf2 Nd6
34. Rg1+ Kf7 35. Rh1 Bf5 36. Bxf5 Nxf5 37. Rxh7+ Kg6 38. Rc7 Rh8 39. Bf4 Rd8
40. Bxe5 fxe5 41. Rc6+ Kh5 42. Rf6 Nd4 43. d6 a5 44. Nb7 Rd7 45. Nc5 Rd8 46. d7
Kg5 47. Re6 Kf5 48. Ra6 Rh8 49. Rxa5 Kf6 50. Ne4+ Ke6 51. Ra7 Nc6 52. Rc7 Ne7
53. Rb7 Ra8 54. Ke3 Nf5+ 55. Kd3 Rd8 56. Kc4 Nd4 57. Nc5+ Kd6 58. Rxb4 Kc6 59.
Ra4 Nxf3 60. Ra6+ Kc7 61. Ne6+ Kxd7 62. Nxd8 Kxd8 63. Kd5 1-0

[Event "USCL Queens vs Philadelphia"]
[Site "Internet Chess Club"]
[Date "2007.09.26"]
[Round "5"]
[White "Wilson, Elvin"]
[Black "Thaler, Michael"]
[Result "1/2-1/2"]
[WhiteElo "2240"]
[BlackElo "2112"]
[PlyCount "109"]
[EventDate "2007.??.??"]

1. d4 d5 2. c4 c6 3. Nf3 Nf6 4. e3 Bf5 5. Nc3 e6 6. Nh4 Bg6 7. Bd2 Nbd7 8. Rc1
Be7 9. Nxg6 hxg6 10. Bd3 dxc4 11. Bxc4 O-O 12. Bb3 Rc8 13. O-O Qc7 14. Qe2 Qb8
15. Rfd1 c5 16. d5 exd5 17. Nxd5 Nxd5 18. Bxd5 Nb6 19. Bb3 Bf6 20. Ba5 c4 21.
Bxb6 cxb3 22. Bc5 Qc7 23. axb3 b6 24. Bxf8 Qxc1 25. Ba3 Qc2 26. Qxc2 Rxc2 27.
g3 Bxb2 28. Bxb2 Rxb2 29. Rd8+ Kh7 30. Rd7 a5 31. Rd3 f6 32. Kg2 Kg8 33. g4 Kf7
34. Kg3 Ke6 35. f4 b5 36. h3 b4 37. Kf3 f5 38. e4 Rh2 39. exf5+ gxf5 40. gxf5+
Kxf5 41. Rd5+ Ke6 42. Re5+ Kf6 43. Kg4 Rg2+ 44. Kf3 Ra2 45. Rb5 Ra3 46. Ke4
Rxb3 47. Rxa5 Rxh3 48. Ra6+ Kf7 49. Rb6 Rb3 50. Kf5 Rb1 51. Rb7+ Kg8 52. Kg6
Rg1+ 53. Kf5 Rb1 54. Kg6 Rg1+ 55. Kf5 1/2-1/2

[Event "USCL New Jersey vs New York"]
[Site "Internet Chess Club"]
[Date "2007.09.26"]
[Round "5"]
[White "Hess, Robert"]
[Black "Zlotnikov, Mikhail"]
[Result "1/2-1/2"]
[WhiteElo "2486"]
[BlackElo "2408"]
[PlyCount "227"]
[EventDate "2007.??.??"]

1. e4 g6 2. d4 Bg7 3. Nc3 c6 4. f4 d5 5. e5 h5 6. Be3 Nh6 7. Nf3 Bg4 8. h3 Bxf3
9. Qxf3 h4 10. Bd3 e6 11. Ne2 Nf5 12. Bf2 Nd7 13. Bxf5 gxf5 14. g4 hxg3 15.
Qxg3 Qa5+ 16. c3 Bf8 17. Nc1 O-O-O 18. a4 Qa6 19. Qd3 Qb6 20. b4 Be7 21. a5 Qb5
22. Ke2 Rh7 23. Qxb5 cxb5 24. Nd3 Rdh8 25. Rag1 Nf8 26. Rg3 Ng6 27. Be3 Rh4 28.
Rf3 Kd7 29. Bd2 Kc6 30. Be1 R4h7 31. Ke3 Rh6 32. Bf2 Bd8 33. Rg3 b6 34. axb6
axb6 35. Rf3 Be7 36. Ne1 Ra8 37. Nc2 Ra2 38. Kd2 Kb7 39. Kc1 Ra8 40. Kb2 Rah8
41. Be3 Rh4 42. Ne1 R4h5 43. Nd3 Bh4 44. Kb3 R5h6 45. Rh2 Ne7 46. Rg2 Ng6 47.
Ra2 Ne7 48. Bg1 Rg6 49. Bh2 Rhg8 50. Re3 Rg2 51. Ree2 Rxe2 52. Rxe2 Rg6 53. Kc2
Rg8 54. Nc1 Kc6 55. Kd3 Kd7 56. Ra2 Kc6 57. Ke3 Kb7 58. Kf3 Be1 59. Rc2 Ng6 60.
Ke2 Bh4 61. Nb3 Ra8 62. Nd2 Be7 63. Nf3 Rh8 64. Ng1 Rc8 65. Kd3 Ra8 66. Bg3 Rg8
67. Bh2 Nxf4+ 68. Ke3 Ng2+ 69. Ke2 Nh4 70. Kd3 Ra8 71. Bg3 Ng6 72. Nf3 Ra1 73.
Rh2 Ra3 74. Rb2 Ra1 75. Ke3 Bf8 76. Rh2 Bh6+ 77. Kd3 Rf1 78. Ke2 Rc1 79. Kd3
Bf4 80. Bxf4 Nxf4+ 81. Kd2 Rf1 82. Ng5 Ra1 83. Ke3 Nh5 84. Nxf7 Rg1 85. Nd8+
Kc8 86. Nxe6 Rg3+ 87. Kd2 Kd7 88. Nf8+ Ke7 89. Nh7 Rg7 90. Nf6 Nxf6 91. exf6+
Kxf6 92. Re2 Rg3 93. Re5 Rxh3 94. Rxd5 Rh2+ 95. Kd3 Rh3+ 96. Kc2 Kg5 97. Rxb5
Rh6 98. c4 Kf4 99. c5 bxc5 100. dxc5 Ke5 101. Kb3 Kd5 102. Rb8 Rf6 103. Rd8+
Kc6 104. Kc4 f4 105. b5+ Kc7 106. Rh8 f3 107. Rh7+ Kc8 108. Rh8+ Kd7 109. Rh7+
Kc8 110. Rh1 f2 111. Rf1 Rf5 112. b6 Kb7 113. Kb5 Rf6 114. c6+ 1/2-1/2

[Event "USCL Carolina vs Seattle"]
[Site "Internet Chess Club"]
[Date "2007.09.26"]
[Round "5"]
[White "Lee, Michael"]
[Black "Jones, Craig"]
[Result "1-0"]
[WhiteElo "2240"]
[BlackElo "2323"]
[PlyCount "81"]
[EventDate "2007.??.??"]

1. c4 e5 2. g3 Nf6 3. Bg2 Nc6 4. Nc3 Bb4 5. Nd5 O-O 6. a3 Bc5 7. b4 Bd4 8. Rb1
Nxd5 9. cxd5 Ne7 10. Nf3 d6 11. Nxd4 exd4 12. Bb2 d3 13. e3 c6 14. Qb3 Bf5 15.
e4 Bg6 16. dxc6 bxc6 17. Qxd3 d5 18. Qd4 f6 19. d3 a5 20. O-O axb4 21. axb4 Rb8
22. Rfd1 Rb5 23. Bc3 Qb8 24. Ra1 Rd8 25. Qa7 Qd6 26. Bd2 Bh5 27. Rdb1 Rd7 28.
Bf4 Qe6 29. Qa8+ Kf7 30. exd5 cxd5 31. Re1 Qb6 32. Bh3 Rd8 33. Qa7 Qb7 34. Qe3
d4 35. Qe6+ Kf8 36. Bd6 Re8 37. Bg2 Bf7 38. Bxb7 Bxe6 39. Bc6 Rb6 40. b5 Bf5
41. Ra7 1-0

[Event "USCL Tennessee vs San Francisco"]
[Site "Internet Chess Club"]
[Date "2007.09.26"]
[Round "5"]
[White "Donaldson, John"]
[Black "Andrews, Todd"]
[Result "1-0"]
[WhiteElo "2458"]
[BlackElo "2337"]
[PlyCount "103"]
[EventDate "2007.??.??"]

1. Nf3 c5 2. c4 Nc6 3. d4 cxd4 4. Nxd4 g6 5. e4 Bg7 6. Be3 d6 7. Nc3 Nf6 8. Be2
O-O 9. O-O Bd7 10. Rc1 Nxd4 11. Bxd4 Bc6 12. f3 Nd7 13. Bxg7 Kxg7 14. Qd4+ Kg8
15. b4 Qb6 16. Qxb6 Nxb6 17. e5 Rfd8 18. exd6 exd6 19. Rfd1 f5 20. Rd4 a5 21.
b5 Be8 22. f4 Rac8 23. Bf3 Bf7 24. Bxb7 Rxc4 25. Rxc4 Bxc4 26. Na4 Nxa4 27.
Rxc4 Nc5 28. Bc6 Kf7 29. Kf2 Kf6 30. Ke3 h6 31. Rc2 Ne6 32. Bd5 Nc5 33. Kd4 Re8
34. b6 Re1 35. Rb2 Rd1+ 36. Kc4 Rc1+ 37. Kb5 Nd7 38. Bf3 g5 39. g3 gxf4 40.
gxf4 a4 41. b7 Rc3 42. Bg2 a3 43. Rd2 Ke7 44. Re2+ Kd8 45. Kb4 Rc1 46. Kxa3 Rc4
47. Kb3 Rxf4 48. Rc2 Rg4 49. Bc6 Rg8 50. Bd5 Rg1 51. Kb2 Rd1 52. Be6 1-0

[Event "USCL Carolina vs Seattle"]
[Site "Internet Chess Club"]
[Date "2007.09.26"]
[Round "5"]
[White "Zaikov, Oleg"]
[Black "Schmidt, Loren"]
[Result "1-0"]
[WhiteElo "2369"]
[BlackElo "2430"]
[PlyCount "93"]
[EventDate "2007.??.??"]

1. d4 Nf6 2. c4 c5 3. d5 b5 4. cxb5 a6 5. b6 e6 6. Nc3 exd5 7. Nxd5 Nxd5 8.
Qxd5 Nc6 9. Nf3 Rb8 10. e4 Be7 11. Bc4 O-O 12. O-O Rxb6 13. Qh5 d6 14. Rd1 Be6
15. Bxe6 fxe6 16. Qg4 Qc8 17. Bd2 e5 18. Qxc8 Rxc8 19. Bc3 Nd4 20. Nd2 c4 21.
Kf1 Rbc6 22. g3 Bf6 23. Kg2 Kf7 24. Nf1 Nb5 25. Ne3 Nc7 26. h4 Ke6 27. Rd2 h5
28. Rad1 Rb8 29. a4 Ne8 30. Nd5 Bd8 31. f4 g6 32. fxe5 dxe5 33. Nb4 Rd6 34.
Rxd6+ Nxd6 35. Nxa6 Rc8 36. Rd5 Bb6 37. Rxe5+ Kd7 38. a5 Ba7 39. Rd5 Ke6 40.
Nb4 Rf8 41. Nc6 Rf2+ 42. Kh3 Be3 43. a6 Nc8 44. Rd8 Na7 45. Nd4+ Ke7 46. Ra8 g5
47. hxg5 1-0